Auswanderungen Nepal - Statistiken

Allgemein
  • Dieses Quiz wurde 55 mal gespielt
  • Das Durchschnittsergebnis liegt bei 9 aus 12
Antwortstatistiken
Platz Land Anzahl % Korrekt
1. Indien 2.926.168
98%
7. Vereinigte Staaten 200.385
96%
8. Vereinigtes Königreich 164.000
88%
9. Australien 131.830
80%
10. Japan 87.148
80%
3. Katar 406.917
71%
5. Saudi-Arabien 334.451
71%
6. Vereinigte Arabische Emirate 224.905
71%
12. Südkorea 60.000
69%
2. Malaysia 700.000
61%
11. Kuwait 71.193
59%
4. Myanmar 405.069
49%
Keine übereinstimmenden Quizze gefunden
Verteilung der Resultate
Anzahl Personen mit jedem Resultat
Perzentil nach korrekt beantworteten Fragen
Ihre Resultats-Entwicklung
Sie haben dieses Quiz noch nicht gespielt